[Event "Open - 2 Weekend"]
[Site "Philadephia"]
[Date "2001.06.30"]
[Round "1"]
[White "Karell, Leif"]
[Black "Figler, Ilye"]
[Result "1-0"]
[WhiteElo "2294"]
[BlackElo "2087"]
[PlyCount "82"]
[EventDate "2001.07"]

1. e4 e6 2. d4 d5 3. Nd2 Be7 4. c3 b6 5. Bd3 dxe4 6. Bxe4 c6 7. Ne2 Nf6 8. Bf3
Bb7 9. O-O Nbd7 10. Nc4 Nd5 11. Re1 Qc7 12. Ng3 O-O 13. Bxd5 cxd5 14. Ne5 Nxe5
15. dxe5 f5 16. exf6 Bxf6 17. Rxe6 Rad8 18. Rxf6 gxf6 19. Bh6 Rf7 20. Qg4+ Kh8
21. Re1 Re7 22. Rd1 Rg8 23. Qh4 Rg6 24. h3 Qc4 25. Qxc4 dxc4 26. Rd8+ Rg8 27.
Rd6 f5 28. Rf6 Be4 29. Kh2 Rge8 30. Bg5 Rg7 31. h4 Kg8 32. Nh5 Rf7 33. Rd6 Rc8
34. Nf6+ Kg7 35. Nh5+ Kf8 36. Re6 Rfc7 37. Rh6 Bb1 38. a3 Rf7 39. Nf6 Rcc7 40.
Bf4 Rb7 41. Bd6+ ({Crafty 17.13:} 41. Nh5 Bd3 42. Re6 Rfd7 43. Rh6 a5 44. Be3
Re7 45. Rf6+ Kg8 46. Ng3 Re5 47. Bxb6 Rd7 {-0.06/13}) 41... Kg7 1-0

[Event "Open - 2 Weekend"]
[Site "Philadephia"]
[Date "2001.06.30"]
[Round "1"]
[White "Rosario, Sal"]
[Black "Gilruth, Peter"]
[Result "1/2-1/2"]
[WhiteElo "2100"]
[BlackElo "2313"]
[PlyCount "139"]
[EventDate "2001.07"]

1. d4 d5 2. c4 c6 3. cxd5 cxd5 4. Nc3 Nf6 5. Bf4 Nc6 6. e3 Bf5 7. Bd3 Bxd3 8.
Qxd3 e6 9. h3 Be7 10. Nge2 a6 11. O-O O-O 12. Rfc1 b5 13. f3 Qb6 14. a4 Na5 15.
Nb1 Rfc8 16. Nd2 Rxc1+ 17. Rxc1 bxa4 18. Bc7 Qb5 19. Qxb5 axb5 20. Nc3 Nc4 21.
Nxc4 bxc4 22. Ra1 a3 23. bxa3 Rxa3 24. Rxa3 Bxa3 25. Ba5 Bc1 26. Nd1 Kf8 27.
Kf2 Ke7 28. Ke2 Kd7 29. g4 Kc6 30. Bd2 Ba3 31. Nf2 Ne8 32. Kd1 Nd6 33. Kc2 f5
34. h4 g6 35. Nh3 fxg4 36. fxg4 Ne4 37. Nf4 Kd7 38. h5 gxh5 39. Nxh5 Bd6 40.
Be1 Bh2 41. Kd1 Ke7 42. Ke2 Kf7 43. Bb4 Nf6 44. Nxf6 Kxf6 45. Kf3 Bc7 46. e4
Bb6 47. Bc3 Kg5 48. exd5 exd5 49. Bd2+ Kh4 50. Bc3 Bc7 51. Be1+ Kg5 52. Bd2+
Kf6 53. Bc3 Bd6 54. Bd2 Ba3 55. Bc3 Bc1 56. Kg3 Kg5 57. Kf3 Kh4 58. Be1+ Kh3
59. Bc3 Kh2 60. Kf2 Bg5 61. Bb4 Bf4 62. Kf3 Bc1 63. Bc3 Kg1 64. Kg3 Kf1 65. Kf3
Bg5 66. Bb4 Bh6 67. Bc3 Bc1 68. Bb4 Bb2 69. Ke3 Kg2 70. Bd6 1/2-1/2

[Event "Open - 5 Day"]
[Site "Philadelphia"]
[Date "2001.07.04"]
[Round "1"]
[White "Amador, Jorge E"]
[Black "Curdo, John A"]
[Result "1-0"]
[WhiteElo "1940"]
[BlackElo "2318"]
[PlyCount "87"]
[EventDate "2001.07"]

1. f4 e5 2. fxe5 d6 3. exd6 Bxd6 4. Nf3 g5 5. d4 g4 6. Ne5 Bxe5 7. dxe5 Qxd1+
8. Kxd1 Nc6 9. Bg5 Be6 10. Nc3 Nge7 11. e3 Rd8+ 12. Ke1 Rg8 13. Bf6 Nb4 14. Rc1
Rd7 15. a3 Nbd5 16. Nxd5 Nxd5 17. Bd3 h5 18. Ke2 Nxf6 19. exf6 Rd6 20. Be4 Bc4+
21. Bd3 Bd5 22. e4 Re6 23. Ke3 Rg6 24. Rhf1 Bc6 25. Rf5 g3 26. h3 Rexf6 27.
Rcf1 Rxf5 28. Rxf5 h4 29. Bc4 f6 30. Bb5 Bd7 31. Bxd7+ Kxd7 32. Rh5 Kd6 33.
Rxh4 Rg5 34. Rh6 Ke6 35. Rh7 Rc5 36. c3 a5 37. Kd4 b6 38. b4 axb4 39. axb4 Rc6
40. Rg7 b5 41. Rxg3 Rc4+ 42. Kd3 f5 43. exf5+ Kxf5 44. Rf3+ 1-0

[Event "Open - 5 Day"]
[Site "Philadelphia"]
[Date "2001.07.04"]
[Round "1"]
[White "Amburn, Thomas"]
[Black "Perelshteyn, Eugene"]
[Result "0-1"]
[WhiteElo "2200"]
[BlackElo "2500"]
[PlyCount "96"]
[EventDate "2001.07"]

1. Nf3 d5 2. d4 e6 3. c4 Nf6 4. Nc3 Be7 5. Bg5 O-O 6. e3 Nbd7 7. Rc1 c6 8. Bd3
dxc4 9. Bxc4 h6 10. Bh4 Nd5 11. Bxe7 Qxe7 12. O-O Nxc3 13. Rxc3 b6 14. Qe2 a5
15. Bd3 Bb7 16. Be4 Ba6 17. Bd3 Bb7 18. Be4 Ba6 19. Bd3 Bxd3 20. Rxd3 a4 21.
Rc3 c5 22. Rd1 Rfc8 23. h3 Nf6 24. e4 cxd4 25. Rxc8+ Rxc8 26. Rxd4 a3 27. bxa3
Qxa3 28. Rc4 Ra8 29. Rc6 Qxa2 30. Qxa2 Rxa2 31. Rxb6 Nxe4 32. Rb8+ Kh7 33. Rb7
f5 34. Rb6 Nxf2 35. Rxe6 Ne4 36. g4 Nf2 37. gxf5 Nxh3+ 38. Kh1 Rf2 39. Nd4 Rf4
40. Kg2 Ng5 41. Rd6 h5 42. Rg6 Rg4+ 43. Kf1 Rg3 44. Ke2 h4 45. Ra6 h3 46. Ra1
Kh6 47. Rh1 Ra3 48. Kf2 Ne4+ 0-1

[Event "Open - 5 Day"]
[Site "Philadelphia"]
[Date "2001.07.04"]
[Round "1"]
[White "Bonin, Jay R"]
[Black "Saint-Amand, Paul"]
[Result "1-0"]
[WhiteElo "2448"]
[BlackElo "2188"]
[PlyCount "81"]
[EventDate "2001.07"]

1. d4 Nf6 2. c4 e5 3. dxe5 Ng4 4. Bf4 Nc6 5. Nf3 Bb4+ 6. Nbd2 Qe7 7. e3 Ngxe5
8. Nxe5 Nxe5 9. Be2 O-O 10. O-O Ng6 11. Bg3 Bd6 12. Bxd6 Qxd6 13. Rc1 Qe5 14.
Qc2 d6 15. Nf3 Qe7 16. Rfd1 b6 17. b4 Bb7 18. c5 dxc5 19. bxc5 Be4 20. Qc3 Rfd8
21. g3 Rxd1+ 22. Bxd1 Rd8 23. Nd4 Ne5 24. cxb6 cxb6 25. Qc7 Qxc7 26. Rxc7 Nc6
27. Bf3 Nxd4 28. Bxe4 Nb5 29. Rc6 g6 30. a4 Nd6 31. Bd5 Rd7 32. e4 Kf8 33. Kg2
Ke7 34. e5 Nf5 35. Bxf7 Nd4 36. Rf6 Rd8 37. Ba2 Rf8 38. Rxf8 Kxf8 39. Bc4 Ke7
40. f4 Nf5 41. Kf3 1-0

[Event "Open - 5 Day"]
[Site "Philadelphia"]
[Date "2001.07.04"]
[Round "1"]
[White "Bournival, Braden"]
[Black "Karklins, Andrew"]
[Result "1/2-1/2"]
[WhiteElo "2175"]
[BlackElo "2418"]
[PlyCount "97"]
[EventDate "2001.07"]

1. e4 c5 2. Nc3 Nc6 3. f4 e6 4. Nf3 d5 5. Bb5 Nf6 6. e5 Nd7 7. Bxc6 bxc6 8. d3
g6 9. O-O Bg7 10. b3 f6 11. exf6 Bxf6 12. Bb2 O-O 13. Qe2 Qe7 14. Rae1 Nb6 15.
Ne5 Bb7 16. Ba3 a5 17. Qf2 Bxe5 18. Rxe5 Nd7 19. Ree1 Qg7 20. Na4 e5 21. Nxc5
Rxf4 22. Qg3 Nxc5 23. Bxc5 Rxf1+ 24. Kxf1 Re8 25. Kg1 Bc8 26. Bd4 Bd7 27. Rxe5
Rxe5 28. Bxe5 Qh6 29. Bb2 Qd2 30. h3 Qe2 31. Qb8+ Qe8 32. Qd6 Qe6 33. Qf4 Qf7
34. Qd4 Kf8 35. Qh8+ Ke7 36. Ba3+ Ke6 37. d4 Qf6 38. Qg8+ Kf5 39. Qb8 Qxd4+ 40.
Kf1 Qf4+ 41. Qxf4+ Kxf4 42. Bd6+ Ke3 43. Ke1 Bf5 44. Bc5+ Ke4 45. Kd2 a4 46. c3
axb3 47. axb3 Bc8 48. h4 Ba6 49. b4 1/2-1/2

[Event "Open - 5 Day"]
[Site "Philadelphia"]
[Date "2001.07.04"]
[Round "1"]
[White "Fedorowicz, John P"]
[Black "Shivaji , S."]
[Result "1/2-1/2"]
[WhiteElo "2607"]
[BlackElo "2211"]
[PlyCount "57"]
[EventDate "2001.07"]

1. d4 Nf6 2. c4 g6 3. Nc3 d5 4. cxd5 Nxd5 5. e4 Nxc3 6. bxc3 Bg7 7. Bb5+ c6 8.
Ba4 b5 9. Bb3 b4 10. Qf3 O-O 11. Ne2 bxc3 12. O-O Ba6 13. Rd1 Nd7 14. Nxc3 c5
15. Be3 Qa5 16. Rac1 cxd4 17. Bxd4 Ne5 18. Qg3 e6 {Diagram #} 19. Bd5 exd5 20.
Bxe5 dxe4 21. Bxg7 Kxg7 22. Nxe4 Rac8 23. h4 Rxc1 24. Rxc1 Re8 25. Nc5 Re1+ 26.
Rxe1 Qxe1+ 27. Kh2 Bb5 28. Qf4 Qe7 29. Qd4+ 1/2-1/2

[Event "Open - 5 Day"]
[Site "Philadelphia"]
[Date "2001.07.04"]
[Round "1"]
[White "Feuerstein, Arthur"]
[Black "Finegold, Benjamin"]
[Result "0-1"]
[WhiteElo "2220"]
[BlackElo "2623"]
[PlyCount "92"]
[EventDate "2001.07"]

1. d4 d5 2. c4 Nc6 3. Nc3 e5 4. cxd5 Nxd4 5. e3 Nf5 6. Nf3 Bd6 7. e4 Nfe7 8. h3
a6 9. a4 Nf6 10. a5 O-O 11. g3 h6 12. Bg2 c6 13. O-O cxd5 14. exd5 e4 15. Nd2
e3 16. Nde4 exf2+ 17. Kh2 Nxe4 18. Nxe4 Be5 19. Nxf2 Nf5 20. Nh1 Qd6 21. Qb3 h5
22. Bf4 Bxf4 23. gxf4 Re8 24. Qa3 Qg6 25. Rae1 Bd7 26. Qc3 Rxe1 27. Rxe1 Rc8
28. Qd2 Nh4 29. Re2 Rc5 30. b4 Rc4 31. Ng3 Nxg2 32. Rxg2 h4 33. Ne2 Qf5 34. Qb2
Qxh3+ 35. Kg1 f6 36. Kf2 Bg4 37. Ng1 Qd3 38. Rxg4 Rc2+ 39. Qxc2 Qxc2+ 40. Ne2
h3 41. Rh4 Qf5 42. d6 Qd7 43. f5 Qxd6 44. Rd4 Qh2+ 45. Ke3 Qe5+ 46. Re4 Qxf5
0-1

[Event "Open - 5 Day"]
[Site "Philadelphia"]
[Date "2001.07.04"]
[Round "1"]
[White "Gruenfeld, Yehuda"]
[Black "Gold, Paul M"]
[Result "1-0"]
[WhiteElo "2618"]
[BlackElo "2211"]
[PlyCount "76"]
[EventDate "2001.07"]

1. e4 e6 2. d4 d5 3. Nc3 Bb4 4. e5 b6 5. Qg4 Bf8 6. Bb5+ c6 7. Ba4 Ba6 8. Nce2
Bb5 9. Bb3 c5 10. c3 Bd3 11. Nf4 Bf5 12. Ba4+ Nd7 13. Qe2 cxd4 14. cxd4 Bb4+
15. Kf1 Nh6 16. f3 a6 17. g4 b5 18. Bb3 Qb6 19. Be3 Bg6 20. h4 f6 21. h5 Bf7
22. Nd3 Bf8 23. Nh3 Ng8 24. Kg2 Ne7 25. Nhf4 Nc6 26. Rac1 Be7 27. Bxd5 exd5 28.
e6 Bxe6 29. Nxe6 Kf7 30. Ndf4 Qb7 31. Qc2 Rac8 32. Qf5 Nb6 33. b3 Qd7 34. g5
Kg8 35. h6 g6 36. Nxg6 Nd8 37. gxf6 Bxf6 38. Qxf6 hxg6 1-0

[Event "Open - 5 Day"]
[Site "Philadelphia"]
[Date "2001.07.04"]
[Round "1"]
[White "Lapshun, Yury"]
[Black "De Fotis, Gary C"]
[Result "1-0"]
[WhiteElo "2499"]
[BlackElo "2200"]
[PlyCount "79"]
[EventDate "2001.07"]

1. d4 Nf6 2. c4 e6 3. Nc3 Bb4 4. f3 d5 5. a3 Bxc3+ 6. bxc3 c5 7. e3 O-O 8. cxd5
exd5 9. Bd3 Nc6 10. Ne2 Re8 11. Kf2 Qe7 12. Nf4 Nd8 13. h4 h5 14. Ra2 Ne6 15.
g3 Bd7 16. a4 Rac8 17. Ne2 g6 18. Nf4 Ng7 19. Re1 cxd4 20. cxd4 Nf5 21. Bd2 Qd6
22. Qb3 Qb8 23. Rb2 Bc6 24. Bxf5 gxf5 25. Nd3 Nd7 26. e4 fxe4 27. Bf4 Qa8 28.
Ne5 Nxe5 29. Bxe5 Rxe5 30. dxe5 Re8 31. fxe4 dxe4 32. g4 Rxe5 33. Qg3 Qe8 34.
gxh5+ Kh7 35. Rg1 Rf5+ 36. Ke1 Qh8 37. Rd2 Rxh5 38. Qf4 Qe8 39. Qg4 Rc5 40.
Qg7# 1-0

[Event "Open - 5 Day"]
[Site "Philadelphia"]
[Date "2001.07.04"]
[Round "1"]
[White "Murthy, Pappu L N"]
[Black "Kaufman, Lawrence"]
[Result "0-1"]
[WhiteElo "2200"]
[BlackElo "2461"]
[PlyCount "62"]
[EventDate "2001.07"]

1. d4 d5 2. c4 e6 3. Nc3 c6 4. Nf3 Nf6 5. cxd5 exd5 6. Bg5 Be7 7. Qc2 g6 8. e3
Bf5 9. Bd3 Bxd3 10. Qxd3 O-O 11. O-O-O Nbd7 12. Rhg1 Re8 13. Bxf6 Nxf6 14. Ne5
Bd6 15. f4 Bb4 16. f5 g5 17. g4 Qa5 18. h4 Bxc3 19. Qxc3 Qxa2 20. hxg5 Ne4 21.
Qe1 c5 22. g6 fxg6 23. fxg6 cxd4 24. gxh7+ Kg7 25. h8=Q+ Rxh8 26. Kc2 Rac8+ 27.
Kd3 Qa6+ 28. Kxd4 Qb6+ 29. Kd3 Qb5+ 30. Kd4 Qxb2+ 31. Kxd5 Nf6+ 0-1

[Event "Open - 5 Day"]
[Site "Philadelphia"]
[Date "2001.07.04"]
[Round "1"]
[White "Sequera, Paolin"]
[Black "Wright, William B"]
[Result "1/2-1/2"]
[WhiteElo "2467"]
[BlackElo "2200"]
[PlyCount "62"]
[EventDate "2001.07"]

1. e4 e6 2. d4 d5 3. Nd2 dxe4 4. Nxe4 Nd7 5. Bd3 Ngf6 6. Qe2 Be7 7. Bg5 b6 8.
Nf3 Bb7 9. O-O-O Nxe4 10. Bxe7 Qxe7 11. Bxe4 Bxe4 12. Qxe4 O-O 13. Rhe1 Rfe8
14. Kb1 Rac8 15. Qb7 a5 16. Ne5 Nxe5 17. dxe5 Rcd8 18. Qc6 Rxd1+ 19. Rxd1 Rd8
20. Rd3 g6 21. a3 Rxd3 22. cxd3 Qh4 23. Qa8+ Kg7 24. Qf3 Qxh2 25. g3 Qg1+ 26.
Ka2 Qc1 27. Qf6+ Kg8 28. f4 h5 29. Qd8+ Kg7 30. Qf6+ Kg8 31. Qd8+ Kg7 1/2-1/2

[Event "Open - 5 Day"]
[Site "Philadelphia"]
[Date "2001.07.04"]
[Round "1"]
[White "Strenzwilk, Denis"]
[Black "Ashley, Maurice A"]
[Result "0-1"]
[WhiteElo "2204"]
[BlackElo "2583"]
[PlyCount "98"]
[EventDate "2001.07"]

1. b3 Nf6 2. Bb2 e6 3. e3 c5 4. Nf3 Be7 5. Be2 O-O 6. O-O b6 7. c4 Bb7 8. Nc3
d5 9. cxd5 exd5 10. d4 Nbd7 11. dxc5 bxc5 12. Rc1 Rc8 13. Rc2 Bd6 14. Nb5 Bb8
15. Qa1 a6 16. Nc3 d4 17. Nd1 Qc7 18. g3 d3 19. Bxd3 Bxf3 20. Bxa6 Rcd8 21. Nc3
Ba8 22. f3 Ne5 23. Be2 Qe7 24. e4 h5 25. Na4 h4 26. Nxc5 hxg3 27. hxg3 Rc8 28.
b4 Nc6 29. a3 Nh5 30. f4 Nxg3 31. Bxg7 Qh4 32. Bf3 f6 33. Bxf8 Nxf1 34. Qxf1
Bxf4 35. Rg2+ Kh8 36. Qe2 Rxf8 37. Ne6 Rg8 38. Rxg8+ Kxg8 39. Nxf4 Qxf4 40. b5
Ne5 41. Bg2 Qc1+ 42. Kh2 Qxa3 43. Qh5 Kg7 44. Qe2 Bb7 45. Bh3 Nf3+ 46. Kg2 Ng5
47. Bf5 Qb4 48. Kg3 Nxe4+ 49. Bxe4 Qxe4 0-1

[Event "Open - 5 Day"]
[Site "Philadelphia"]
[Date "2001.07.04"]
[Round "1"]
[White "Wojtkiewicz, Alek"]
[Black "Filipovich, David"]
[Result "1-0"]
[WhiteElo "2692"]
[BlackElo "2243"]
[PlyCount "69"]
[EventDate "2001.07"]

1. Nf3 d5 2. d4 Nf6 3. c4 c6 4. Qc2 g6 5. Bf4 Na6 6. e3 Bf5 7. Qb3 Nb4 8. Qxb4
e5 9. Qxb7 Rb8 10. Qxc6+ Bd7 {Diagram #} 11. Qxf6 Qxf6 12. Bxe5 Qb6 13. b3 Bb4+
14. Nbd2 O-O 15. Bxb8 Rxb8 16. Bd3 Bg4 17. O-O Qa5 {Diagram #} 18. Ne5 $1 Bxd2
19. Nxg4 Bc3 20. Rad1 Qxa2 21. Nf6+ Kg7 22. Nxd5 Qxb3 23. Nxc3 Qxc3 24. c5 a5
25. Be4 a4 26. Rc1 Qa5 27. c6 a3 28. d5 {Diagram #} 28... Qc7 29. Rfd1 Qd6 30.
c7 Rc8 31. Rc6 Qe5 32. d6 a2 33. Rcc1 Qxe4 34. d7 Rxc7 35. d8=Q 1-0

[Event "Open - 7 Day"]
[Site "Philadelphia"]
[Date "2001.07.02"]
[Round "1"]
[White "Delgado, Victor"]
[Black "Simutowe, Amon"]
[Result "1-0"]
[WhiteElo "2249"]
[BlackElo "2570"]
[PlyCount "73"]
[EventDate "2001.07"]

1. Nf3 Nf6 2. c4 e6 3. Nc3 d5 4. cxd5 exd5 5. d4 Be7 6. Bg5 c6 7. Qc2 g6 8. e3
Bf5 9. Bd3 Bxd3 10. Qxd3 O-O 11. Bxf6 Bxf6 12. b4 a6 13. O-O Qe7 14. Rab1 Nd7
15. a4 Nb6 16. Nd2 Bg7 17. a5 Nc8 18. Na4 Nd6 19. Nc5 Rae8 20. Rbe1 g5 21. e4
dxe4 22. Ndxe4 Nb5 23. Re3 Nxd4 24. Ng3 Qc7 25. Nh5 Rd8 26. Qb1 b6 {Diagram}
27. axb6 Qxb6 28. Rh3 h6 29. Nf6+ Bxf6 30. Rxh6 Rfe8 31. Qh7+ Kf8 32. Rxf6 Qc7
33. Qh8+ Ke7 34. Re1+ Ne6 35. Rfxe6+ fxe6 36. Rxe6+ Kf7 37. Rf6+ 1-0

[Event "Open - 7 Day"]
[Site "Philadelphia"]
[Date "2001.07.02"]
[Round "1"]
[White "Donaldson, W John"]
[Black "Steigman, A J."]
[Result "1-0"]
[WhiteElo "2519"]
[BlackElo "2249"]
[PlyCount "91"]
[EventDate "2001.07"]

1. Nf3 Nf6 2. g3 c5 3. Bg2 e6 4. O-O Be7 5. c4 O-O 6. d4 cxd4 7. Nxd4 a6 8. b3
Qc7 9. Bb2 Nc6 10. Nc3 d6 11. Rc1 Nxd4 12. Qxd4 Bd7 13. Rfd1 Rfd8 14. e4 Rac8
15. h3 Qb8 16. a3 b5 17. cxb5 axb5 18. Na2 Rxc1 19. Rxc1 Rc8 20. Rxc8+ Qxc8 21.
Nc3 Bc6 22. Qa7 Nd7 23. Ne2 Bd8 24. Qe3 Qb7 25. Nd4 Bf6 26. Bc3 d5 27. Nxc6
Qxc6 28. Bxf6 Nxf6 29. exd5 Nxd5 30. Qe5 Qc1+ 31. Kh2 Qxa3 32. Qb8+ Qf8 33.
Qxb5 Nb4 34. h4 h6 35. Qb6 Qe7 36. Be4 g6 37. Kg2 Kg7 38. Qd4+ e5 39. Qc3 f5
40. Bf3 Kf7 41. Be2 g5 42. Qc8 f4 {Diagram} 43. h5 Kg7 ({Fritz 5.32:} 43... Qd6
44. Qb7+ Ke8 45. Kf3 Nd5 46. Bb5+ Kd8 47. Qc6 Qxc6 48. Bxc6 {0.22/11}) 44. Bc4
Qd6 45. Qg8+ Kf6 46. Qf7# 1-0

[Event "Open - 7 Day"]
[Site "Philadelphia"]
[Date "2001.07.02"]
[Round "1"]
[White "Gaprindishvili, Valerian"]
[Black "Grechikhin, Vladimir"]
[Result "1-0"]
[WhiteElo "2473"]
[BlackElo "2230"]
[PlyCount "71"]
[EventDate "2001.07"]

1. d4 Nf6 2. c4 c5 3. d5 e5 4. Nc3 d6 5. e4 Be7 6. Nf3 O-O 7. g3 Ne8 8. Bg2 Nd7
9. O-O g6 10. Ne1 Ng7 11. Nd3 f5 12. f4 Bf6 13. Kh1 exf4 14. Bxf4 Bxc3 15. bxc3
fxe4 16. Nf2 Rxf4 17. gxf4 Nf6 18. Nxe4 Nxe4 19. Bxe4 Bh3 20. Bg2 Bxg2+ 21.
Kxg2 Qf6 22. Qd2 Rf8 23. Rae1 Nh5 24. f5 gxf5 25. Kh1 f4 26. Qg2+ Kh8 27. Qh3
Qh6 28. Rf3 Rg8 29. Rg1 Rxg1+ 30. Kxg1 Qg5+ 31. Kh1 Qe5 32. Qe6 Qf6 33. Rf1 Kg7
34. Rg1+ Kf8 35. Re1 Qxc3 36. Qe7+ 1-0

[Event "Open - 7 Day"]
[Site "Philadelphia"]
[Date "2001.07.02"]
[Round "1"]
[White "Geist, Mark J"]
[Black "Ehlvest, Jan"]
[Result "0-1"]
[WhiteElo "2274"]
[BlackElo "2703"]
[PlyCount "78"]
[EventDate "2001.07"]

1. e4 c5 2. Nf3 e6 3. d4 cxd4 4. Nxd4 a6 5. a4 Nf6 6. Bd3 Nc6 7. Nxc6 bxc6 8.
Nc3 d5 9. exd5 cxd5 10. O-O Bb7 11. Qe2 h6 12. Bf4 Bd6 13. Bb5+ Ke7 14. Bxd6+
Qxd6 15. Bd3 Rhe8 16. b4 Qxb4 17. Rab1 Qxc3 18. Rxb7+ Kf8 19. Qf3 Qc6 20. Rfb1
Qxa4 21. Qg3 Kg8 22. R1b4 Qa5 23. h3 Re7 24. R7b6 Qc5 25. Rb8+ Rxb8 26. Rxb8+
Re8 27. Rb7 e5 28. Bxa6 Ne4 29. Qf3 Nd6 30. Rb2 e4 31. Qb3 e3 32. fxe3 Rxe3 33.
Qb6 Qc3 34. Rb3 Qe1+ 35. Bf1 Nc4 36. Qd8+ Re8 37. Qxd5 Nd2 38. Rb7 Qxf1+ 39.
Kh2 Qf4+ 0-1

[Event "Open - 7 Day"]
[Site "Philadelphia"]
[Date "2001.07.02"]
[Round "1"]
[White "Gibson, Carter B"]
[Black "Formanek, Edward W"]
[Result "0-1"]
[WhiteElo "2082"]
[BlackElo "2349"]
[PlyCount "134"]
[EventDate "2001.07"]

1. e4 c5 2. Nf3 Nc6 3. d4 cxd4 4. Nxd4 e5 5. Nb5 d6 6. N1c3 a6 7. Na3 Nf6 8.
Bg5 Be7 9. Bxf6 Bxf6 10. g3 Be6 11. Nd5 O-O 12. Bg2 Qa5+ 13. c3 Bxd5 14. exd5
Ne7 15. O-O Qc7 16. Nc2 g6 17. Kh1 Bg5 18. f4 exf4 19. gxf4 Bh6 20. f5 Nxf5 21.
Rxf5 gxf5 22. Qh5 Bg7 23. Bh3 Be5 24. Bxf5 f6 25. Be6+ Kh8 26. Rg1 Qc4 27. Bf5
Qxd5+ 28. Rg2 Qf7 29. Qh3 Qe7 30. Ne3 Rg8 31. Nd5 Rxg2 32. Nxe7 Rxh2+ 33. Qxh2
Bxh2 34. Kxh2 Re8 35. Nc8 Re2+ 36. Kg1 Rxb2 37. Nxd6 b5 38. a3 Rd2 39. Ne4 Ra2
40. Nxf6 Rxa3 41. Nd5 a5 42. Kf2 a4 43. Nc7 Rxc3 44. Nxb5 Rb3 45. Nd4 Rb2+ 46.
Kg3 a3 47. Be6 Kg7 48. Nf3 Kf6 49. Bc4 a2 50. Bxa2 Rxa2 51. Nh4 Ra3+ 52. Kg4
Ra5 53. Ng2 Rg5+ 54. Kh3 Kf5 55. Nh4+ Kf4 56. Ng2+ Kf3 57. Ne1+ Kf2 58. Nd3+
Ke3 59. Ne1 Rg1 60. Ng2+ Kf2 61. Nh4 Rg3+ 62. Kh2 Ra3 63. Nf5 Kf3 64. Nh6 Ra5
65. Nf7 Rd5 66. Kg1 Kg4 67. Kg2 Kh5 0-1

[Event "Open - 7 Day"]
[Site "Philadelphia"]
[Date "2001.07.02"]
[Round "1"]
[White "Gulko, Boris"]
[Black "Nagle, Sean"]
[Result "1-0"]
[WhiteElo "2708"]
[BlackElo "2285"]
[PlyCount "39"]
[EventDate "2001.07"]

1. c4 Nf6 2. Nc3 Nc6 3. g3 e5 4. Bg2 d6 5. Nf3 Be6 6. d4 Bxc4 7. dxe5 Nd7 8.
Bg5 Qc8 9. exd6 Bxd6 10. Nd4 h6 11. Be3 Nxd4 12. Bxd4 O-O 13. O-O Re8 14. Rc1
Be5 15. Ne4 Bxe2 16. Qxe2 Bxd4 17. Rfd1 Bb6 18. Bh3 Re7 19. Bxd7 Rxd7 20. Nf6+
1-0

[Event "Open - 7 Day"]
[Site "Philadelphia"]
[Date "2001.07.02"]
[Round "1"]
[White "Hajenius, Willem D"]
[Black "Solomon, Kenneth"]
[Result "0-1"]
[WhiteElo "2142"]
[BlackElo "2390"]
[PlyCount "68"]
[EventDate "2001.07"]

1. d4 Nf6 2. c4 e6 3. Nc3 Bb4 4. Bg5 c5 5. d5 h6 6. Bh4 Bxc3+ 7. bxc3 d6 8. e3
e5 9. f3 g5 10. Bg3 Bf5 11. Bd3 e4 12. fxe4 Bxe4 13. Bxe4 Nxe4 14. Ne2 f5 15.
O-O O-O 16. Be1 Qe7 17. Kh1 Nd7 18. Ng3 Nxg3+ 19. Bxg3 Ne5 20. Qe2 Rad8 21.
Rac1 Kg7 22. Kg1 Rf6 23. Rb1 Rf7 24. Rbe1 Rdf8 25. Bxe5+ Qxe5 26. Qd3 Re8 27.
g4 Qe4 28. Qxe4 Rxe4 29. gxf5 Kf6 30. Rf3 h5 31. h3 Rfe7 32. Kf2 Rxc4 33. Rc1
b5 34. Ke2 Re5 0-1

[Event "Open - 7 Day"]
[Site "Philadelphia"]
[Date "2001.07.02"]
[Round "1"]
[White "Mascarinas, Rico"]
[Black "Fernandez, John C"]
[Result "1-0"]
[WhiteElo "2327"]
[BlackElo "2020"]
[PlyCount "73"]
[EventDate "2001.07"]

1. d4 f5 2. Nf3 Nf6 3. g3 d6 4. Bg2 g6 5. O-O Bg7 6. b3 O-O 7. Bb2 Ne4 8. c4 c5
9. Qc1 Nd7 10. dxc5 Bxb2 11. Qxb2 Ndxc5 12. Nc3 Nxc3 13. Qxc3 Ne4 14. Qc2 Qb6
15. Rad1 Bd7 16. Nd4 Nf6 17. Qd2 Rfd8 18. Bd5+ Kg7 19. Be6 Rac8 20. Qb2 Kh8 21.
Rfe1 Bxe6 22. Nxe6 Rd7 23. e4 Rxc4 24. exf5 gxf5 25. Qb1 Re4 26. Qc1 Rg4 27.
Qh6 Rg8 28. Re2 Qb4 29. Nd4 d5 30. Nxf5 Qg4 31. Nd4 Rd6 32. Qe3 Rg7 33. f3 Qd7
34. Qe5 h6 35. Nf5 Rg8 36. g4 Kh7 37. Qxe7+ 1-0

[Event "Open - 7 Day"]
[Site "Philadelphia"]
[Date "2001.07.02"]
[Round "1"]
[White "Mucerino, Joseph"]
[Black "Hoekstra, Matthew"]
[Result "0-1"]
[WhiteElo "1902"]
[BlackElo "2306"]
[PlyCount "52"]
[EventDate "2001.07"]

1. d4 Nf6 2. Nc3 d5 3. e4 dxe4 4. f3 e3 5. Bxe3 e6 6. Bd3 Be7 7. Nge2 Nbd7 8.
O-O O-O 9. Qe1 Re8 10. Qh4 Nf8 11. Bg5 h6 12. Bxh6 gxh6 13. Qxh6 N6h7 14. Rad1
f5 15. Bc4 c6 16. f4 Bf6 17. Rf3 Re7 18. Rg3+ Rg7 19. Rdd3 Qe7 20. Kh1 b5 21.
Bb3 b4 22. Na4 Ba6 23. Rde3 Bxe2 24. Bxe6+ Nxe6 25. Rxe6 Qf7 26. Rxe2 Re8 0-1

[Event "Open - 5 Day"]
[Site "Philadephia"]
[Date "2001.07.04"]
[Round "1"]
[White "Adamec, Carl"]
[Black "Betaneli, Alexander"]
[Result "1/2-1/2"]
[WhiteElo "2023"]
[BlackElo "2306"]
[PlyCount "121"]

1. e4 e5 2. Nf3 Nc6 3. Bc4 Be7 4. O-O Nf6 5. d4 d6 6. dxe5 Nxe5 7. Nxe5 dxe5 8.
Nc3 c6 9. Qe2 O-O 10. a4 b6 11. b3 Bg4 12. Qd3 Qxd3 13. Bxd3 Be6 14. Nd1 Rfd8
15. Bb2 Nd7 16. Ne3 Nc5 17. Bc4 f6 18. f3 Bxc4 19. Nxc4 Ne6 20. Rfd1 Bc5+ 21.
Kf1 Nd4 22. Bxd4 Bxd4 23. Rac1 Bc3 24. Ke2 b5 25. axb5 cxb5 26. Nd6 Rab8 27.
Nf5 Kf7 28. Rxd8 Rxd8 29. Rd1 Rxd1 30. Kxd1 Bb4 31. Ne3 Ke6 32. Nd5 Bd6 33. b4
Kd7 34. Ke2 Kc6 35. Kd3 f5 36. c3 f4 37. g3 fxg3 38. hxg3 h5 39. Ke2 Kb7 40.
Kf2 a5 41. bxa5 Ka6 42. f4 Kxa5 43. f5 Ka4 44. Ke2 Kb3 45. Kd3 Bc5 46. Nc7 Bf2
47. Ne6 Bxg3 48. Nxg7 h4 49. f6 Bf2 50. f7 Bc5 51. Ne6 Be7 52. Ng5 Bf8 53. Nh3
Be7 54. Ng5 Ka4 55. Ke2 Ka5 56. Kf1 Ka4 57. Nf3 Kb3 58. Nxe5 Kxc3 59. Nc6 Bc5
60. e5 b4 61. Nxb4 1/2-1/2

[Event "Open - 5 Day"]
[Site "Philadephia"]
[Date "2001.07.04"]
[Round "1"]
[White "Anderson, Renard W"]
[Black "Barnett, Alexander"]
[Result "1-0"]
[WhiteElo "2280"]
[BlackElo "1941"]
[PlyCount "33"]

1. e4 c5 2. Nf3 e6 3. Nc3 Nc6 4. d4 cxd4 5. Nxd4 a6 6. Be3 Qc7 7. Bd3 Bb4 8.
O-O Bxc3 9. bxc3 d6 10. Qg4 g6 11. Qe2 b5 12. a4 Ne5 13. axb5 Qxc3 14. f4 Nxd3
15. cxd3 Ne7 16. Rfc1 Qb4 17. Rc4 1-0

[Event "Open - 5 Day"]
[Site "Philadephia"]
[Date "2001.07.04"]
[Round "1"]
[White "Dunne, Alex"]
[Black "Belcher, Noah"]
[Result "1-0"]
[WhiteElo "2275"]
[BlackElo "1870"]
[PlyCount "83"]

1. e4 c5 2. Nf3 e6 3. d4 cxd4 4. Nxd4 a6 5. Nc3 Qc7 6. Bd3 Nc6 7. Be3 Bb4 8.
Qg4 Nge7 9. O-O d6 10. Qxg7 Rg8 11. Qxh7 Bd7 12. Nxc6 Qxc6 13. Ne2 O-O-O 14. c3
Bc5 15. Nd4 Qc7 16. Qxf7 Bxd4 17. cxd4 Nc6 18. Qf3 d5 19. exd5 exd5 20. Rac1
Qd6 21. Qf4 Qe7 22. Qe5 Qxe5 23. dxe5 Bh3 24. g3 Bxf1 25. Bxf1 d4 26. Bf4 Kd7
27. h4 Ke8 28. Bxa6 Nxe5 29. Bb5+ Nc6 30. h5 Rh8 31. h6 Kf7 32. a3 Ne7 33. Bg5
Rc8 34. Bc4+ Kf8 35. b3 Nf5 36. Rd1 Nxh6 37. Rxd4 Nf7 38. Bf4 Rh5 39. Rd7 Rf5
40. Be6 Rf6 41. Rxf7+ Rxf7 42. Bxc8 1-0

[Event "Open - 5 Day"]
[Site "Philadephia"]
[Date "2001.07.04"]
[Round "1"]
[White "Shapiro, Daniel E"]
[Black "Kececioglu, John D"]
[Result "1-0"]
[WhiteElo "2280"]
[BlackElo "1909"]
[PlyCount "57"]

1. d4 e6 2. c4 Nf6 3. g3 Bb4+ 4. Bd2 c5 5. Bxb4 cxb4 6. Bg2 O-O 7. d5 exd5 8.
cxd5 Qa5 9. Nh3 d6 10. Nf4 Na6 11. O-O Bf5 12. Nd2 Nc5 13. Re1 Rfe8 14. f3 g5
15. Nh3 g4 16. Nf4 gxf3 17. Nxf3 Ng4 18. Nh4 Ne3 19. Qd4 Bg4 20. h3 Nxg2 21.
Kxg2 Re4 22. Qf6 Rxf4 23. gxf4 Ne4 24. Qd4 Qd8 25. hxg4 Qxh4 26. Qxe4 Qxg4+ 27.
Kf2 Qh4+ 28. Ke3 Qg3+ 29. Kd2 1-0